Musicals By Most Popular Song - Statistics

General Stats
  • This quiz has been taken 1,208 times
  • The average score is 9 of 15
Answer Stats
Song Streams Musical % Correct
Alexander Hamilton 127M Hamilton
99%
Defying Gravity 57M Wicked
98%
Don't Lose Ur Head 50M Six
77%
Waving Through A Window 68M Dear Evan Hansen
76%
Do You Hear The People Sing? 33M Les Miserables
71%
World Burn 22M Mean Girls
71%
Seasons of Love 21M Rent
65%
Naughty 3.4M Matilda
61%
Wait For Me (Reprise) 7.4M Hadestown
60%
Beautiful 56M Heathers
54%
Michael in the Bathroom 29M Be More Chill
43%
There! Right There! 24M Legally Blonde
41%
The Campfire Song 11M The Lightning Thief
19%
Epiphany 7.5M Sweeney Todd
16%
If I Had My Time Again 549K Groundhog Day
6%
No matching quizzes found
Score Distribution
Percent of People with Each Score
Percentile by Number Answered
Your Score History
You have not taken this quiz